000 00700nam a22002417a 4500
999 _c4060
_d4060
003 AR-CdUCM
008 190307b ||||| |||| 00| 0 spa d
040 _aMUNICIPALIDAD PROVINCIAL DEL CUSCO
_cBIBLIOTECA MUNICIPAL DEL CUSCO
041 _hrus
082 _a891.03 /
_bG82
100 _aGrossman, Vasili
_912910
245 _aTodo fluye...
260 _aBuenos Aires :
_bIntercontinental,
_c1973.
300 _a302 páginas ;
_c20 cm.
440 _aColección "Tiempo de fragua"
_912911
650 _aNovela
_95
650 _aRusia
_9499
650 _aUnión Soviética
_9496
650 _aLiteratura
_9416
700 _aTraducción Olga Sharov
_912912
942 _2ddc
_cLIBROS
945 _admma